Congrés d'Infància
Descripción Física:
2 v. ; 22 cm
Colección:
Temes d'infància ; número extraordinari
MARC
| LEADER | 00000nam a2200000Ia 4500 | ||
|---|---|---|---|
| 001 | 10673, 11192 | ||
| 008 | 160829s1994-1995 xx 000 0 cat d | ||
| 080 | |a E-1-205, E-1-206 | ||
| 100 | |a Congrés d'Infància (1994) |9 38792 | ||
| 245 | |a Congrés d'Infància | ||
| 260 | |a Barcelona : |b Diputació de Barcelona : |b Associació de Mestres Rosa Sensat, |c 1994-1995 | ||
| 300 | |a 2 v. ; |c 22 cm | ||
| 490 | |a Temes d'infància ; número extraordinari | ||
| 590 | |a Conté: v. 1: Educar de 0 a 6 anys ; v. 2: Polítiques i accions educatives | ||
| 650 | |a Educació infantil |9 29154 | ||
| 650 | |a Pedagogia |9 35391 | ||
| 710 | 1 | |a Barcelona (Catalunya : Província). |b Diputació |9 52408 | |
| 710 | 2 | |a Rosa Sensat (Associació) |9 54183 | |
| 901 | |a Arxiu | ||
| 942 | |n 1 | ||
| 952 | |0 0 |1 0 |4 0 |6 E1205_E1206 |7 1 |9 48604 |a Arxiu |b Arxiu |d 2016-12-01 |l 0 |o E-1-205, E-1-206 |p 10673, 11192 |r 2016-12-01 00:00:00 |w 2016-12-01 |y ARXIU | ||
| 999 | |c 52434 |d 52434 | ||